000 00502nam a22001813 4500
001 202134
021 _b85-209-0269-3
_aBR
090 _a202134
100 _a20230112d u||y0pory50 ba
200 _aCortes
_fAlmeida Faria
210 _aRio de Janeiro
_cNova Fronteira
_d1943
215 _a114 p.
_cbrochado
_d21 cm
606 _aLiteratura Portuguesa
_96
675 _a821.134.3-3
_vBR
_zbra
700 _91040
_aFaria
_bAlmeida
_f1943-
801 _aPT
_bBMMN
_gRPC
830 _cAna Falardo
_fAna Falardo
990 _cLIVROS